| 000 | 00766cam a2200205 a 4500 | ||
|---|---|---|---|
| 001 | 000008792 | ||
| 005 | 20200929161417.0 | ||
| 008 | 780919s1977 ec 000 1 spa | ||
| 040 |
_aDO-SdBNP _cDLC _dDLC |
||
| 082 |
_aE863.44 _bB275h |
||
| 100 | 1 |
_aBarriga López, Leonardo. _923337 |
|
| 245 | 1 | 0 |
_aHigar : _brelatos del Ande / _cLeonardo Barriga López. |
| 260 |
_aQuito : _bCasa de la Cultura Ecuatoriana, _c1977. |
||
| 300 |
_a100 p. ; _c18 cm. |
||
| 505 | 0 | _aTigasig -- El chueco -- El runa llama -- La tierra ajena -- El cabecilla -- Llacta runa -- El extrano -- Salchichas en el desayuno -- Pelafustanillo -- Higar. | |
| 650 | 4 |
_aNovela ecuatoriana _95017 |
|
| 650 | 4 |
_aLiteratura ecuatoriana _93938 |
|
| 910 | _aCatalogación por copia / LC | ||
| 049 | _aBNGR | ||
| 999 |
_c8561 _d8561 |
||